000 00456nam a22001457a 4500
005 20180809150631.0
020 _a8170815201
_c192.00
035 _aB-059667, B-059669
037 _aDPL
_bENG
100 _aDhal, U.N.
245 _aSiva Purana (Uttarakhanda) :
_b(Text with english translation and introduction) /
_cby U.N. Dhal
260 _aDelhi
_bNag Publishers
_c2000
300 _axiii, 802p.
_c20 cms.
942 _2ddc
_cEN
_h230.22
_mDHA
999 _c64355
_d64355